| 000 | 00367nam a2200133Ia 4500 | ||
|---|---|---|---|
| 008 | 240624s9999 xx 000 0 und d | ||
| 041 | _aeng | ||
| 082 | _a332 KAW | ||
| 100 | _aKAWAI MASAHIRO | ||
| 245 | _aFINANCIAL MARKET REGULATION AND REFORMS | ||
| 260 |
_c2011 _aNew York _bBrookings Institution Press |
||
| 300 | _axiii, : 423 : p. : cm. ; 23 | ||
| 365 |
_cBPS _b25 |
||
| 999 |
_c22964 _d22964 |
||